000
00277nam a22001217a 4500
008
230620b xxu||||| |||| 00| 0 eng d
082
_a
316.6762
_b
CBS
100
_c
CBS
245
_a
Statistical Abstract 2001
260
_a
Kenya
_b
KNBS
_c
2003
300
_a
335p
942
_2
ddc
_c
BK
999
_c
1477
_d
1477